| 000 | 00795nam a2200289Ia 4500 | ||
|---|---|---|---|
| 008 | 180620s9999 xx 000 0 und d | ||
| 020 | _a974-8279-62-6 | ||
| 050 | _aREF Z 695.Z8 | ||
| 050 | _b.G36 1998 | ||
| 100 | _aGanendran, Jacki | ||
| 245 | 0 | _aLearn subject access / | |
| 245 | 0 | _cJacki Ganendran | |
| 250 | _a2nd Edition | ||
| 260 | _aBangkok, Thailand : | ||
| 260 | _bBook Promotion & Service Co., Ltd. | ||
| 260 | _c1999 | ||
| 300 | _a108 pages : | ||
| 300 | _billustrations ; | ||
| 300 | _c30 cm. | ||
| 440 | _aLibrary Education Series | ||
| 500 | _aIncludes bibliographical references and index. | ||
| 650 | _aCatalogs, Subject. | ||
| 650 | _aIndexing. | ||
| 650 | _aOnline library catalog -- | ||
| 650 | _aSubject cataloging. | ||
| 650 | _xSubject access. | ||
| 999 |
_c358062 _d358062 |
||